000 00301nam a2200133Ia 4500
008 240624s9999 xx 000 0 und d
041 _aeng
082 _a823 PUR
100 _aPURI NANDITA C
245 _aTWO WORLDS
260 _c2010
_aNew Delhi
_bRupa & Co
300 _a432 : p.
365 _cRS
_b25
999 _c17267
_d17267